000 01105nam a2200277 i 4500
001 102123
003 ES-MaACL
005 20251106130051.0
007 t|
008 051103s1916 sp ||||1| spa d
245 0 0 _aMemorias de un oficial de la legión británica
_b: campañas y cruceros durante la guerra de emancipación hispano-americana /
_cLuis de Teran, Traductor.
260 _aMadrid :
_bEditorial America,
_c1916 (
_fImp. de Fortanet)
300 _a241 p. ;
_c23 cm.
490 1 _aBiblioteca Ayacucho ;
_v8
530 _aDisponible en formato digital.
651 4 _aAmérica española-
_xHistoria-
_y1806-1830, Guerras de la Independencia.
_97726
651 4 _aVenezuela-
_xDescripción.
_99517
651 4 _aColombia-
_xDescripción.
_9142474
651 4 _aChile-
_xDescripción.
_9143280
700 1 _aTerán, Luis de,
_d1864-1935
_9109725
830 0 _aBiblioteca Ayacucho ;
_v8
_9177888
852 _aES-MaACL
_jG-6080
_cDEPO2
856 4 _uhttp://bdh-rd.bne.es/viewer.vm?id=0000099010&page=1
_y(Biblioteca Digital Hispánica)
942 _2udc
999 _c102123
_d102123